Statistics for Biggest countries with only two neighbors

Click here to take the quiz!

General Stats

  • This quiz has been taken 19 times
  • The average score is 8 of 15

Answer Stats

ContinentAnswer% Correct
North AmericaUnited States of America
100%
AsiaMongolia
89%
EuropeSweden
68%
North AmericaCosta Rica
53%
South AmericaEcuador
53%
North AmericaNicaragua
53%
North AmericaPanama
53%
South AmericaUruguay
53%
AsiaYemen
53%
AfricaTunisia
47%
AsiaNepal
42%
EuropeEstonia
32%
AsiaUnited Arab Emirates
32%
AfricaSierra Leone
26%
AsiaBangladesh
21%

Score Distribution

Percentile by Number Answered

Percent of People with Each Score

Your Score History

You have not taken this quiz